00932cam a2200265 a 450000500170000000800410001701500080005802000180006604000440008404100130012810000260014124501350016724600450030226000440034730000180039149000350040965000340044465000330047865000210051165000260053265000240055870000260058270000410060876500170064920180918121501.0180918s2011 sp r 001 0 sp d aNNN a9788446032304 aCO-BoUCMbspacSaul NiñodSaul Niño1 aspaheng1 aHardt, Michaeld1960-10aCommonwealthbel proyecto de una revolución del comúncMichael Hardt and Antonio Negri ; traducción Raúl Sánchez Cedillo30aProyecto de una revolución del común aMadrid (España)bEdiciones Akalc2011 a398 páginas0 aCuestiones de antagonismosx64 7aOrganización internacional  7aCooperación internacional  7aGlobalización  7aSistemas de gobierno  7aCiencia política 1 aNegri, Antoniod1933-1 aSánchez Cedillo, Raúletraductor tCommonwealth